| 000 | 00730nmc a2200265 a 4500 | ||
|---|---|---|---|
| 003 | AR-BaBNM | ||
| 005 | 20251128211759.0 | ||
| 008 | 116020s1987 ||||||||||||||000 | spa|| | ||
| 020 | _a84-270-1167-9 | ||
| 040 | _cAR-BaBNM | ||
| 100 | 1 | _aEisner, Elliot W. | |
| 245 | 1 | 0 |
_aProcesos cognitivos y curriculum _buna base para decidir lo que hay que enseñar |
| 260 |
_aBarcelona _bMartínez Roca _c1987 |
||
| 300 | 0 | _a167 p. | |
| 490 | 0 | _aEducación. Didáctica | |
| 650 | 4 | _aPROCESO COGNOSCITIVO | |
| 650 | 4 | _aFORMACION DE CONCEPTOS | |
| 650 | 4 | _aCURRICULO | |
| 650 | 4 | _aREPRESENTACION | |
| 650 | 4 | _aDIDACTICA | |
| 653 | 0 | _aEVALUACION EDUCATIVA | |
| 800 | 1 | _aBenedito, Vicente | |
| 942 | _cBK | ||
| 998 | _cme-solo cat | ||
| 999 |
_c21083 _d21083 |
||